00333 a2200133 450000500170000002000190001704000080003608200180004410000350006224500390009725000130013626000390014930000110018820260129170012.0 a978-9353062033 bEng a004.43(J) DEI aDeitel, Paul. Deitel, Harvey. aJava How to Program: Early Objects a11th ed. aIndia:b Pearson Education,c2018. a1286p;